Communes d'Île de France les plus peuplées - Statistiques

Statistiques générales
  • Ce quiz a été pris 374 fois
    53 depuis la dernière actualisation
  • Le résultat moyen est 7 sur 10
Statistiques - réponses
Nombre d'habitants Commune % Correct
2 103 778 Paris
100%
149 077 Saint-Denis
90%
119 019 Boulogne-Billancourt
79%
97 783 Nanterre
77%
93 397 Créteil
75%
111 934 Montreuil
69%
106 130 Argenteuil
58%
93 963 Vitry-sur-Seine
54%
93 941 Asnières-sur-Seine
48%
91 053 Colombes
35%
Aucun quiz correspondant
Distribution des résultats
% des personnes avec chaque résultat
Percentile par nombre de réponses
Votre historique - résultats
Vous n’avez pas pris ce quiz depuis la dernière actualisation